| 000 | 00953nam a22002537a 4500 | ||
|---|---|---|---|
| 005 | 20211116130308.0 | ||
| 008 | 150810b sp ||||| |||| 00| 0 spa d | ||
| 020 | _a9788487840408 | ||
| 050 | 0 | 4 |
_aHV 9950 _bG37 2005 |
| 100 | 1 | _aGarland, David | |
| 240 | 1 | 3 |
_aThe culture of control _lEspañol |
| 245 | 1 | 3 |
_aLa cultura del control _b : crimen y orden social en la sociedad contemporánea _c / David Garland ; traducción de Máximo Sozzo |
| 250 | _a1a ed. | ||
| 260 |
_aBarcelona, España : _bGedisa, _c2005 |
||
| 300 |
_a462 p. ; _c23 cm. |
||
| 490 | 0 | _aCriminología | |
| 504 | _aIncluye bibliografía : p. 417-454 e índice | ||
| 650 | 7 |
_2lemb _aAdministración de justicia penal _zEstados Unidos |
|
| 650 | 7 |
_2lemb _aPrevención del delito _zEstados Unidos |
|
| 650 | 7 |
_2lemb _aAdministración de justicia _zGran Bretaña |
|
| 650 | 7 |
_2lemb _aPrevención del delito _zGran Bretaña |
|
| 700 | 1 |
_aSozzo, Máximo _etraductor |
|
| 942 |
_2lcc _cLIB |
||
| 999 |
_c98152 _d98152 |
||